MDQL
is popping MORE tags! Check the
thread
!
Quizzes
Events
Quiz Creation
Community
Videos
Private Events
Remove Ads
Sign In
Join for FREE
Feedback
Dark Mode
Quiz Categories
Sports
Geography
Music
Movies
Television
Just For Fun
Miscellaneous
History
Literature
Language
Science
Gaming
Entertainment
Religion
Holiday
For Kids
Quiz Lab
Recent
Popular Today
Quiz Kudos Today
Editor Picks
Curator Picks
Quizzes by...
Day
Popularity
Type
Ratings
Length
Year
Community
Subscriptions
Recent Discussions
Orange Saloon
Badges
Playlists
Quests
Create
Leaderboards
Showdown
Live 5
Trivia Bingo
Activity
Puzzle Library
Sporcle Events
Private Events
Virtual Trivia
Globe League
Become a Host
Pub Owners
SporcleCon
Opinionation
Our Games
Videos
Blog
Mobile Apps
Partnerships
Remove Ads and Go Orange
Feedback
Sports
Athletes
MLB
NBA
NHL
NFL
Soccer
Sports Teams
WWE
NCAA
Football
Premier League
Basketball
Baseball
Hockey
Golf
Tennis
Cricket
Rugby
Auto Racing
Olympics
World Cup
Sports
Athletes
MLB
NBA
NHL
NFL
Soccer
Sports Teams
WWE
NCAA
Football
Premier League
Basketball
Baseball
Hockey
Golf
Tennis
Cricket
Rugby
Auto Racing
Olympics
World Cup
Random Quiz
Search Sporcle
×
Quiz Lab
Quiz Lab
Sports
Transfer
Type in answers that appear in a list
Type in answers that appear in a list
Classic
Best Score? Go Orange.
Most Expensive Transfers Stats
Can you name the 25 most expensive transfers?
By
jpsjones
8m
25 Questions
54K Plays
53,953 Plays
53,953 Plays
Comments
Comments
Give Quiz Kudos
Give Quiz Kudos
-
- Ratings
hide this ad
Replay
Link that replays current quiz
Next Quiz
Link to next quiz in quiz playlist
You Got
0%
They Got
Avg Score
60%
Avg Friend Score
Upgrade to see
Score Distribution
Jump to the score distribution portion of the page
Score
0/25
Timer
08:00
1
Play Today
Transfer
Player
% Correct
Tottenham > Real Madrid
Gareth Bale
99.3%
Manchester United > Real Madrid
Cristiano Ronaldo
97.8%
Santos > Barcelona
Neymar
94.9%
Liverpool > Barcelona
Luis Suarez
92.1%
Wolfsburg > Manchester City
Kevin de Bruyne
82.4%
AS Monaco > Real Madrid
James Rodriguez
79.1%
Real Madrid > Manchester United
Angel Di Maria
72.3%
Manchester United > PSG
Angel Di Maria
72.3%
Liverpool > Manchester City
Raheem Sterling
67.8%
Chelsea > PSG
David Luiz
67.4%
Liverpool > Chelsea
Fernando Torres
66.4%
Inter Milan > Barcelona
Zlatan Ibrahimovic
63.9%
Zenit > Shanghai SIPG
Hulk
63.7%
Transfer
Player
% Correct
Atletico Madrid > AS Monaco
Radamel Falcao
61.3%
Juventus > Real Madrid
Zinedine Zidane
59.9%
Real Madrid > Arsenal
Mesut Ozil
59.8%
Napoli > PSG
Edinson Cavani
59%
Barcelona > Real Madrid
Luis Figo
56.8%
AC Milan > Real Madrid
Kaka
49.9%
Parma > Juventus
Gianluigi Buffon
40.4%
Parma > Lazio
Hernan Crespo
23.6%
MSI > Manchester City
Carlos Tevez
23.3%
Shakhtar Donetsk > Jiangsu Suning
Alex Teixeira
19.1%
Fiorentina > AC Milan
Rui Costa
15.1%
Lazio > Inter Milan
Christian Vieri
12.5%
Quiz Playlist
Details
Report
Send in Message
Add To Playlist
Classic:
Type in answers that appear in a list
Last Updated: Feb 16, 2017
Quiz Scoreboard
CHALLENGE
Sign Up to Join the Scoreboard
Show All
Scores
Hide
Comments
May contain spoilers
Recently Published
1-10 Letter E Words III
by El_Dandy
Language
2m
Street Fighter Characters
by Artimus82
Gaming
60s
College Basketball Coaching Resumes
by pancakes188
Sports
9m
More to Explore
Quiz From the Vault
Featured Blog Post
Where Did the Easter Bunny Come From?
hide this ad
You Might Also Like...
Tags
25 Most
Expensive
Transfer
Today's Top Quizzes in Sports
Browse Sports
hide this ad
Today's Top Quizzes in Transfer
Browse Transfer
Top Contributed Quizzes in Sports
1
2022 World Cup Stars
2
Les meilleurs buteurs des matchs entre le PSG et l’OM
3
FIFA Club World Cup Champions
4
Les entraîneurs de l'OM et du PSG au 21e siècle
5
Criteria MLB: Left Handed Sluggers
6
2023 MLB Unique Player Accomplishments
7
AFC Teams Reveal (Wrong Answers Minefield)
8
Players with Multiple 50 Home Run Seasons
9
5-to-1: FBS Animal Nicknames
10
5-to-1: UK Sports Teams
Explore More
Trending Topics
Anime
Disney
Kpop
Harry Potter
Crossword
Marvel
NBA
WWE
Pokémon
Puzzle
The Office
NFL
Song
Country
Soccer
hide this ad
More By:
jpsjones
Quiz
Plays
Rating
Category
Featured
Created
Most Expensive Transfers
53,953
2.38
Sports
Jul 20, 2016
Premier League Top Scorers
31,525
3.00
Sports
Jul 21, 2016
Premier League Most Appearances
30,677
3.40
Sports
Jul 22, 2016
World Record Transfers
24,477
3.00
Sports
Jul 25, 2016
Most Expensive Goalkeepers
23,057
3.60
Sports
Jul 25, 2016
Go to Creator's Profile
Score Distribution
Quiz Creator Spotlight
jpsjones
Follow
Send a Message
Quizzes Created
-
Created Quiz Play Count
-
More By This Creator
Popular Quizzes Today
1
Find the US States - No Outlines Minefield
2
Find the Countries of Europe - No Outlines Minefield
3
Find the US States
4
The Countries of the World
5
Risky Map Clicking: Biggest States A-Z
6
US States
7
Popular People in 1961
8
Movies - When Are They Set?
More Sports Quizzes
Most appearances under coach: Arsenal
Quiz Lab
Trending Quizzes
Risky Map Clicking: Least Populous States A-Z
1-10 Letter G Words
Countries of the World: 200 Million BC
1-10 Letter F Words
Risky Map Clicking: Next State Alphabetically
Recently Updated
Largest US Cities 1790-2010
pecheneg
Rides in Walt Disney World
pecheneg
Most Oscar Losses (Acting)
pecheneg
Beyoncé Albums
pecheneg
Leaping Animals
pecheneg
Reality TV Shows (A-Z)
bhenderson79
Rickey Henderson's Hall of Fame Teammates
pecheneg
Champions League XIs: Arsenal
pecheneg
Quick Pick: Celebrities in WWE's Hall of Fame
aduchscher
A-Z Keypad Blitz II
pecheneg
Trending Topics
Anime
Disney
Harry Potter
Marvel
Kpop
NBA
Crossword
Song
Country
NFL
The Office
WWE
Puzzle
Soccer
Pokémon
Your Account Isn't Verified!
In order to create a playlist on Sporcle, you need to verify the email address you used during registration. Go to your
Sporcle Settings
to finish the process.
Report this User
Report this user for behavior that violates our
Community Guidelines
.
Details:
Send Report
Go to the Sporcle.com Mobile Site →
Comments